El psicólogo escolar (Record no. 5259)

MARC details
000 -LEADER
campo de control de longitud fija 00706nam a2200253 a 4500
003 - IDENTIFICADOR DE NÚMERO DE CONTROL
campo de control AR-BaBNM
005 - FECHA Y HORA DE LA ÚLTIMA TRANSACCIÓN
campo de control 20251128203852.0
008 - DATOS DE LONGITUD FIJA--INFORMACIÓN GENERAL
campo de control de longitud fija 082120s2002 ||||||||||||||000 | spa||
040 ## - FUENTE DE CATALOGACIÓN
Centro/agencia transcriptor AR-BaBNM
100 1# - ENTRADA PRINCIPAL--NOMBRE DE PERSONA
Nombre de persona Eiserer, Paul E.
245 00 - MENCIÓN DEL TÍTULO
Título El psicólogo escolar
260 ## - PUBLICACIÓN, DISTRIBUCIÓN, ETC.
Lugar de publicación, distribución, etc. México, D.F.
Nombre del editor, distribuidor, etc. A.I.D.
Fecha de publicación, distribución, etc. 1971
300 ## - DESCRIPCIÓN FÍSICA
Extensión 146 p.
490 #0 - MENCIÓN DE SERIE
Mención de serie Biblioteca de la Nueva Educación
650 #4 - PUNTO DE ACCESO ADICIONAL DE MATERIA--TÉRMINO DE MATERIA
Término de materia o nombre geográfico como elemento de entrada PSICOLOGOS ESCOLARES
650 #4 - PUNTO DE ACCESO ADICIONAL DE MATERIA--TÉRMINO DE MATERIA
Término de materia o nombre geográfico como elemento de entrada PSICOLOGIA DE LA EDUCACION
650 #4 - PUNTO DE ACCESO ADICIONAL DE MATERIA--TÉRMINO DE MATERIA
Término de materia o nombre geográfico como elemento de entrada ASESORAMIENTO DEL DOCENTE
653 ## - TÉRMINO DE INDIZACIÓN--NO CONTROLADO
Término no controlado GABINETES PSICOPEDAGOGICOS
653 ## - TÉRMINO DE INDIZACIÓN--NO CONTROLADO
Término no controlado ORIENTACION EDUCATIVA
700 1# - ENTRADA AGREGADA--NOMBRE PERSONAL
Nombre de persona Chami, Lidia
Término indicativo de función/relación traductor
700 1# - ENTRADA AGREGADA--NOMBRE PERSONAL
Nombre de persona Hollinshead, Merrill T.
Término indicativo de función/relación prologuista
942 ## - ELEMENTOS DE ENTRADA SECUNDARIOS (KOHA)
Tipo de ítem Koha Libros
998 ## - INFORMACIÓN DE CONTROL LOCAL (RLIN)
Iniciales del catalogador, CIN (RLIN) SIlvi
Holdings
Estatus retirado Estado de pérdida Fuente de la clasificación o esquema de estantería Estado de daño No para préstamo Biblioteca de origen Biblioteca actual Fecha de adquisición Total de préstamos Signatura topográfica completa Código de barras Visto por última vez Precio de reemplazo Tipo de ítem Koha
    Clasificación Decimal Dewey     Liberty Liberty 28/11/2025   37.015.3 EIS 066500 28/11/2025 28/11/2025 Libros
    Clasificación Decimal Dewey     Liberty Liberty 28/11/2025   37.015.3 EIS 124286 28/11/2025 28/11/2025 Libros